Obras de Francisco de Quevedo y Villegas. (Record no. 162806)

MARC details
000 -LEADER
campo de control de longitud fija 01137nam a2200229 i 4500
001 - NÚMERO DE CONTROL
campo de control 162806
003 - IDENTIFICADOR DE NÚMERO DE CONTROL
campo de control ES-MaACL
005 - FECHA Y HORA DE LA ÚLTIMA TRANSACCIÓN
campo de control 20240523063048.0
008 - DATOS DE LONGITUD FIJA--INFORMACIÓN GENERAL
campo de control de longitud fija 050629m18401845sp a |||| | spa d
040 ## - FUENTE DE CATALOGACIÓN
Centro catalogador/agencia de origen CAM
Lengua de catalogación spa
Centro/agencia transcriptor CAM
100 1# - ENTRADA PRINCIPAL--NOMBRE DE PERSONA
Nombre de persona Quevedo, Francisco de,
Fechas asociadas al nombre 1580-1645
9 (RLIN) 94591
245 10 - MENCIÓN DEL TÍTULO
Título Obras de Francisco de Quevedo y Villegas.
250 ## - MENCION DE EDICION
Mención de edición Ed. il. con notas y grabados
Resto de la mención de edición publicada po Basilio Sebastian Castellanos y los artistas Vicente Castelló y Antonio Rotondo.
260 ## - PUBLICACIÓN, DISTRIBUCIÓN, ETC.
Lugar de publicación, distribución, etc. Madrid :
Nombre del editor, distribuidor, etc. [s.n.],
Fecha de publicación, distribución, etc. 1840-1845 (
Fabricante Imprenta de Mellado)
300 ## - DESCRIPCIÓN FÍSICA
Extensión 5 v. :
Otras características físicas il. ;
Dimensiones 21 cm.
596 ## - NOTA AL PIE DE IMPRENTA
NOTA AL PIE DE IMPRENTA T.I-II: Imprenta de Mellado -- T.III: Imprenta de Enrique Trujillo -- T.IV: Imprenta y Establecimiento de grabados de Vicente Castelló -- T.V: Imprenta de Enrique Trujillo.
597 ## - NOTA DE DESCRIPCIÓN FÍSICA
NOTA DE DESCRIPCIÓN FÍSICA T.I, 1840 ( 444 p.) -- T.II, 1841 (388 p.) -- T.III, 1843 (400 p.) -- T.IV, 1845 (411 p.) -- T.V, 1843, Poesías escojidas [sic] (374 p.)
599 ## - NOTA A LAS ILUSTRACIONES
NOTA A LAS ILUSTRACIONES Numerosas il. intercaladas en el texto.
599 ## - NOTA A LAS ILUSTRACIONES
NOTA A LAS ILUSTRACIONES En el t. V, h. de grab. calc., retrato del autor.
852 ## - LOCALIZACIÓN
Ubicación ES-MaACL
Número de control de estantería G-12342-46
Nota libre -- Enc. hol.
Holdings
Estatus retirado Estado de pérdida Estado de daño No para préstamo Colección Biblioteca de origen Biblioteca actual Ubicación en estantería Fecha de adquisición Total de préstamos Signatura topográfica completa Código de barras Visto por última vez Precio de reemplazo Tipo de ítem Koha
        Libros del s. XIX Biblioteca del Ateneo de Madrid Biblioteca del Ateneo de Madrid Sala Pecera Planta 3 17/01/2008   G-12342-46 1170576 23/02/2023 23/02/2023 Libro impreso antiguo